Die 10 besten Fußballer der Welt 2024 - Sudden Death - Statistiken

Allgemein
  • Dieses Quiz wurde 936 mal gespielt
  • Das Durchschnittsergebnis liegt bei 5 aus 10
Answers on the Grid
Answers color-coded by a green-red scale on the quiz's grid according to % correct below.
Robert Lewandowski Barcelona
Jude Bellingham Real Madrid
Emiliano Martínez Aston Villa
Harry Kane Bayern Munchen
Dani Carvajal Real Madrid
Florian Wirtz Bayer Leverkusen
Raphinha Barcelona
Lamine Yamal Barcelona
Vinícius Júnior Real Madrid
Lautaro Martínez Inter
Ademola Lookman Atalanta
Kylian Mbappé Real Madrid
Antonio Rüdiger Real Madrid
Rodri Manchester City
Erling Haaland Manchester City
 
Antwortstatistiken
Antwort % Korrekt
Jude Bellingham Real Madrid
78%
Kylian Mbappé Real Madrid
67%
Erling Haaland Manchester City
64%
Rodri Manchester City
61%
Harry Kane Bayern Munchen
60%
Vinícius Júnior Real Madrid
60%
Lamine Yamal Barcelona
55%
Florian Wirtz Bayer Leverkusen
41%
Dani Carvajal Real Madrid
35%
Lautaro Martínez Inter
25%
Keine übereinstimmenden Quizze gefunden
Verteilung der Resultate
Anzahl Personen mit jedem Resultat
Perzentil nach korrekt beantworteten Fragen
Ihre Resultats-Entwicklung
Sie haben dieses Quiz noch nicht gespielt